000 00458nam a22001817a 4500
003 PILC
005 20151028095036.0
008 130920t xxu||||| |||| 00| 0 eng d
050 _aTT 870
_b.P275p
082 _aGS 745.54
_bP259p 19
245 _aParty origami
_bparty decorations /
260 _aTokyo :
_bFK froebel-kan Co., Ltd.,
300 _c20 cm.
440 _aParty origami
_921123
650 _aOrigami
_91398
942 _2lcc
_cBK
999 _c11803
_d11803